Pivnica plná vlkov cintorín jeleňov : putá pre Peruna : poprava stromu

Bibliographic Details
Main Author: Ťažký, Ladislav, 1924-2011 (Author)
Format: Book
Language:Slovak
PhysicalDescription:461 s. 21 cm
Published: Bratislava Vydavateľstvo Spolku slovenských spisovateľov 2009
ISBN:9788080613686
Subjects:

MARC

LEADER 00000cam a2200000 a 4500
001 vtls010061184
003 SK-MaSNL
005 20260301083512.0
008 240318s2009 xo g 000 f slo
015 |a SNBA2010/08-04669 
020 |a 9788080613686  |q (viaz.) 
035 |a C030B92E-24A7-430D-BB69-5D65636D16D0 
035 |a urn:nbn:sk:snk-amk1nn 
035 |a urn:nbn:sk:snk-am0085wc 
040 |a SNK  |b slo  |c SNK  |e AACR2 
041 0 |a slo 
044 |a xo  |c SK 
072 7 |a 821.162.4-3  |x Slovenská próza  |2 konspekt 
080 |a 821.162.4-31  |2 2001 
080 |a (0:82-31)  |2 2001 
100 1 |a Ťažký, Ladislav,  |d 1924-2011  |4 aut  |9 237806 
245 1 0 |a Pivnica plná vlkov  |b cintorín jeleňov : putá pre Peruna : poprava stromu  |c Ladislav Ťažký 
260 |a Bratislava  |b Vydavateľstvo Spolku slovenských spisovateľov  |c 2009 
300 |a 461 s.  |c 21 cm 
655 7 |a slovenské romány  |2 SNKPH  |9 70324 
919 |a 978-80-8061-368-6 
958 |a LX 
968 |d 821 
999 |c 660697  |d 662627 
952 |a SNK  |b SNK  |y PREZ  |7 0  |p 17A0649071  |o snkSC 139288 D1  |i snk2010/4663  |8 0  |0 0  |1 0  |4 0  |d 2010-03-09  |f 1  |l 0  |r 2026-02-23 18:52:30  |w 2026-02-23 
952 |a SNK  |b SNK  |y PREZ  |7 0  |p 17A0649072  |o snkSC 139288  |i snk2010/4662  |8 0  |0 0  |1 0  |4 0  |d 2010-03-09  |l 0  |r 2017-06-30 00:00:00  |w 2026-02-23